29 वर्ष यूपीएससी Civil Services आईएएस प्रारंभिक परीक्षा टॉपिक वाइज सॉल्वड पेपर्स 1 तथा 2 ( 1995-2023) (Record no. 66279)
[ view plain ]
| 000 -LEADER | |
|---|---|
| fixed length control field | 00554nam a22001097a 4500 |
| 082 ## - DEWEY DECIMAL CLASSIFICATION NUMBER | |
| Classification number | 001 |
| 100 ## - MAIN ENTRY--AUTHOR NAME | |
| Personal name | पटेल,मुुरनाल |
| 245 ## - TITLE STATEMENT | |
| Title | 29 वर्ष यूपीएससी Civil Services आईएएस प्रारंभिक परीक्षा टॉपिक वाइज सॉल्वड पेपर्स 1 तथा 2 ( 1995-2023) |
| 260 ## - PUBLICATION, DISTRIBUTION, ETC. (IMPRINT) | |
| Place of publication | नयी दिल्ली |
| Name of publisher | दीशा पब्लिकेशन |
| Year of publication | 2023 |
| 650 ## - SUBJECT ADDED ENTRY--TOPICAL TERM | |
| Topical Term | सामान्य ज्ञान |
| 942 ## - ADDED ENTRY ELEMENTS (KOHA) | |
| Koha item type | Hindi Books |
| Withdrawn status | Lost status | Damaged status | Not for loan | Home library | Current library | Date acquired | Full call number | Accession Number | Price effective from | Koha item type |
|---|---|---|---|---|---|---|---|---|---|---|
| MACL | MACL | 29/10/2023 | 001 | DPI001521 | 29/10/2023 | Hindi Books |









